[Event "Championnat de France 2022"]
[Site "ALBI"]
[Date "2022.08.14"]
[Round "2.1"]
[White "Coquelle, Cyliane"]
[Black "Chomienne, Pierre-Jerome"]
[Result "0-1"]
[WhiteElo "1189"]
[BlackElo "1268"]
[PlyCount "89"]
[EventDate "2022.??.??"]

1. e4 {2} c6 {7} 2. Nf3 {30} d5 {18} 3. Nc3 {98} Bg4 {37} 4. h3 {35} Bxf3 {67}
5. Qxf3 {16} e6 {36} 6. d4 {225} Nd7 {287} 7. Bd3 {207} Be7 {215} 8. O-O {430}
g6 {248} 9. Be3 {480} Bf6 {351} 10. e5 {345} Bg7 {62} 11. Ne2 {331} Rc8 {331}
12. c3 {135} a6 {336} 13. Ng3 {274} c5 {610} 14. a3 {293} Ne7 {394} 15. b4 {187
} c4 {174} 16. Bc2 {36} O-O {105} 17. Bf4 {155} f6 {288} 18. exf6 {186} Rxf6 {
108} 19. Qe3 {13} Rxf4 {375} 20. Qxf4 {163} Qf8 {86} 21. Qxf8+ {171} Rxf8 {6}
22. Rfe1 {18} Rf6 {54} 23. h4 {63} Bh6 {32} 24. h5 {38} Bd2 {24} 25. Red1 {69}
Bxc3 {12} 26. Ra2 {58} Nf5 {197} 27. Ne2 {32} Nxd4 {169} 28. Nxd4 {16} Bxd4 {25
} 29. Rxd4 {7} g5 {65} 30. Rg4 {35} h6 {41} 31. g3 {34} Ne5 {21} 32. Rd4 {40}
Nf3+ {17} 33. Kg2 {60} Nxd4 {10} 34. Kf1 {95} Nxc2 {159} 35. Rxc2 {244} g4 {48}
36. Re2 {59} Kf7 {42} 37. Re3 {102} Rf3 {212} 38. Rxf3+ {112} gxf3 {9} 39. Ke1
{5} c3 {96} 40. Kd1 {11} d4 {19} 41. Kc2 {12} e5 {40} 42. Kd3 {14} Kf6 {151}
43. Kc2 {17} e4 {42} 44. Kd1 {21} e3 {84} 45. Ke1 {100} 0-1

[Event "Championnat de France 2022"]
[Site "ALBI"]
[Date "2022.08.14"]
[Round "2.2"]
[White "Benaddou, Nadine"]
[Black "Makima, Jacques"]
[Result "0-1"]
[WhiteElo "1187"]
[BlackElo "1259"]
[PlyCount "80"]
[EventDate "2022.??.??"]

1. e4 {3} e5 {22} 2. Bc4 {25} Nf6 {46} 3. Nc3 {20} Bc5 {40} 4. Nh3 {185} O-O {
115} 5. O-O {40} c6 {88} 6. Na4 {19} Be7 {73} 7. Re1 {109} b5 {38} 8. Bb3 {15}
bxa4 {31} 9. Bxa4 {12} d6 {90} 10. Re3 {412} Qb6 {97} 11. Kh1 {152} Bxh3 {82}
12. gxh3 {133} Nbd7 {68} 13. c3 {59} Nc5 {54} 14. Bc2 {14} Qb8 {108} 15. Qg1 {
61} Ne6 {82} 16. d3 {290} Nf4 {47} 17. Bd1 {149} Bd8 {49} 18. Rf3 {341} Qc8 {45
} 19. Bxf4 {253} exf4 {32} 20. Qg2 {51} Nh5 {140} 21. Be2 {45} Kh8 {37} 22. Rg1
{29} Rg8 {43} 23. d4 {295} Qe6 {40} 24. Rd3 {85} Nf6 {106} 25. Bf3 {702} Qxa2 {
47} 26. b4 {76} Qc2 {132} 27. Rgd1 {68} Bc7 {102} 28. Qf1 {201} Qb3 {60} 29.
Qe1 {386} Rae8 {55} 30. Bg2 {527} Re7 {71} 31. f3 {31} Rge8 {30} 32. Qh4 {343}
d5 33. e5 {174} Ng8 {93} 34. Qxf4 {22} f6 {42} 35. Qg3 {565} fxe5 {47} 36. Qg4
{52} e4 {133} 37. fxe4 {36} dxe4 {38} 38. Re3 {29} Nf6 {80} 39. Qh4 {25} Qxd1+
{58} 40. Re1 {14} Qb3 {42} 0-1

[Event "Championnat de France 2022"]
[Site "ALBI"]
[Date "2022.08.14"]
[Round "2.3"]
[White "Bouland, Yseoline"]
[Black "Bazin, Hector"]
[Result "1/2-1/2"]
[WhiteElo "1243"]
[BlackElo "1186"]
[PlyCount "108"]
[EventDate "2022.??.??"]

1. e4 {3} d6 {7} 2. d4 {9} Nf6 {13} 3. Nc3 {20} g6 {15} 4. Nf3 {47} Bg7 {14} 5.
h3 {54} O-O {24} 6. Bf4 {225} Nbd7 {129} 7. Bd3 {71} c5 {168} 8. d5 {352} Nb6 {
192} 9. Qe2 {152} e6 {234} 10. dxe6 {157} fxe6 {40} 11. e5 {40} Nfd5 {236} 12.
Bg5 {306} Qe8 {323} 13. Nxd5 {228} Nxd5 {103} 14. exd6 {153} Bxb2 {428} 15. Rb1
{377} Bc3+ {309} 16. Kf1 {372} Qd7 {513} 17. Rd1 {652} Qxd6 {680} 18. Bc4 {71}
b6 {222} 19. Bxd5 {57} exd5 {666} 20. Be7 {124} Qc6 {97} 21. Bxf8 {95} Kxf8 {16
} 22. Ng5 {247} Kg8 {175} 23. Qe7 {456} Bg7 {40} 24. Qd8+ {234} Bf8 {26} 25.
Qxd5+ {10} Qxd5 {34} 26. Rxd5 {6} h6 {193} 27. Nf3 {62} Be6 {114} 28. Rd2 {331}
Bxa2 {81} 29. Ne5 {100} g5 {282} 30. h4 {196} Bg7 {120} 31. Re2 {182} Re8 {121}
32. Nd3 {10} Rf8 {79} 33. hxg5 {54} hxg5 {31} 34. Rh5 {47} g4 {47} 35. Rg5 {39}
Rf6 {187} 36. Rxg4 {49} Rh6 {93} 37. Re7 {75} Rh7 {73} 38. Rxa7 {85} Bd5 {90}
39. c4 {202} Be6 {48} 40. Ra8+ {374} Kf7 {20} 41. Rf4+ {74} Ke7 {77} 42. Rb8 {
61} b5 {77} 43. Nxc5 {56} Rh1+ {96} 44. Ke2 {16} Bxc4+ {16} 45. Kf3 {26} Be5 {
76} 46. Rb7+ {21} Kd6 {12} 47. Ne4+ {153} Kc6 {41} 48. Rff7 {316} Bxf7 {80} 49.
Rxf7 {6} b4 {54} 50. Rf5 {70} Bd4 {235} 51. Nd2 {89} Bc3 {132} 52. Nb3 {32} Rb1
{73} 53. Na5+ {12} Kb6 {47} 54. Nc4+ {21} Kc6 {114} 1/2-1/2

[Event "Championnat de France 2022"]
[Site "ALBI"]
[Date "2022.08.14"]
[Round "2.4"]
[White "Dartigues, Marie"]
[Black "Gasnier, Jean"]
[Result "0-1"]
[WhiteElo "1238"]
[BlackElo "1183"]
[PlyCount "118"]
[EventDate "2022.??.??"]

1. e4 c6 {11} 2. d4 {49} d5 {7} 3. exd5 {75} cxd5 {6} 4. Nf3 {30} Nc6 {3} 5. g3
{76} Nf6 {251} 6. Bg2 {55} Bf5 {122} 7. O-O {44} e6 {85} 8. Nc3 {80} h6 {46} 9.
Bf4 {96} Be7 {81} 10. Re1 {152} O-O {86} 11. Qd2 {451} Bb4 {452} 12. a3 {36}
Ne4 {209} 13. Qe3 {98} Bxc3 {75} 14. bxc3 {6} Na5 {72} 15. Ne5 {349} f6 {390}
16. Bxe4 {65} fxe5 {52} 17. Bxf5 {14} Rxf5 {153} 18. Bxe5 {21} Nc4 {68} 19. Qe2
{115} Nxe5 {74} 20. dxe5 {8} Qc7 {76} 21. g4 {129} Rf4 {66} 22. h3 {104} Qxc3 {
51} 23. Qe3 {27} Rf3 {81} 24. Qxc3 {60} Rxc3 {5} 25. Re2 {11} Rac8 {133} 26.
Ra2 {31} Rxh3 {257} 27. Kg2 {12} Rcc3 {316} 28. Rb2 {10} b6 {78} 29. a4 {13}
Rhf3 {63} 30. Rb4 {54} Rf7 {46} 31. Rb5 {178} Rc4 {408} 32. a5 {42} bxa5 {36}
33. Rxa5 {6} Rxg4+ {5} 34. Kh3 {19} h5 {448} 35. Ra3 {24} Kh7 {59} 36. f3 {36}
Rgf4 {87} 37. Kg2 {95} Kg6 {210} 38. Rd3 {120} a5 {89} 39. Ra3 {32} Ra7 {55}
40. Kg3 {45} Kf5 {37} 41. Kf2 {151} Rc4 {59} 42. Ra2 {206} a4 {23} 43. Kg3 {57}
h4+ {174} 44. Kg2 {193} g5 {187} 45. Kf1 {99} Kf4 {50} 46. Kf2 {21} Rc3 {82}
47. Kg2 {46} a3 {29} 48. Kh2 {81} Rxf3 {114} 49. Re1 {89} g4 {48} 50. Rg1 {23}
Rf2+ {38} 51. Kh1 {11} g3 {28} 52. Rg2 {17} Rf1+ {37} 53. Rg1 {13} Rxg1+ {4}
54. Kxg1 {7} h3 {61} 55. Kh1 {10} Ra4 {27} 56. Ra1 {23} a2 {9} 57. Kg1 {7} Kf3
{18} 58. Kh1 {19} Kf2 {82} 59. c3 {18} g2+ {36} 0-1

[Event "Championnat de France 2022"]
[Site "ALBI"]
[Date "2022.08.14"]
[Round "2.5"]
[White "Viers, Sandrine"]
[Black "Vergnes, Eline-Rose"]
[Result "0-1"]
[WhiteElo "1233"]
[BlackElo "1178"]
[PlyCount "126"]
[EventDate "2022.??.??"]

1. d4 {10} d5 {15} 2. Nf3 {22} Bf5 {47} 3. Bf4 {32} Nc6 {27} 4. e3 {57} a6 {75}
5. c3 {210} e6 {53} 6. Bd3 {293} Be4 {69} 7. O-O {126} Bd6 {28} 8. Re1 {658} h6
{273} 9. Ne5 {321} Qf6 {105} 10. Bxe4 {416} dxe4 {42} 11. Nd2 {118} Bxe5 {111}
12. dxe5 {101} Nxe5 {41} 13. Nxe4 {173} Qf5 {50} 14. Ng3 {352} Qf6 {93} 15.
Qa4+ {110} c6 {135} 16. Qe4 {201} Nd7 {174} 17. Nh5 {264} Qg6 {82} 18. Qxg6 {99
} fxg6 {11} 19. Nxg7+ {38} Kf7 {35} 20. Rad1 {318} Nb6 {5} 21. Bc7 {341} Nd5 {
82} 22. Be5 {102} Ngf6 {21} 23. e4 {74} Ne7 {92} 24. Re3 {491} Kxg7 {32} 25.
Rf3 {26} Rhf8 {21} 26. Bxf6+ {273} Rxf6 {24} 27. Rfd3 {249} Rb8 {126} 28. Rd7 {
102} Rf7 {26} 29. R1d6 {118} Nc8 {59} 30. Rxf7+ {121} Kxf7 {17} 31. Rd8 {17} b5
{91} 32. e5 {81} Ra8 {23} 33. Rd7+ {146} Kg8 {38} 34. Rc7 {72} Nb6 {83} 35.
Rxc6 {40} Rd8 {31} 36. g3 {78} Nc4 {85} 37. Rxe6 {108} Kf7 {32} 38. Rxa6 {39}
Nxe5 {15} 39. Rb6 {67} Rd5 {85} 40. b3 {80} h5 {47} 41. h3 {157} g5 {169} 42.
Rb7+ {85} Ke6 {25} 43. Rb8 {77} Kd7 {31} 44. Rg8 {42} Kc7 {18} 45. Rxg5 {49}
Nf3+ {15} 46. Kg2 {163} Nxg5 {14} 47. h4 Ne4 {67} 48. c4 bxc4 {77} 49. bxc4 Rc5
{20} 50. f3 Nd2 {424} 51. Kf2 Nxc4 {121} 52. f4 Kd6 {63} 53. Kf3 Rd5 {61} 54.
Ke4 Ke6 55. a4 Nb6 56. Kf3 Kf5 57. g4+ hxg4+ 58. Kg3 Rd3+ {538} 59. Kg2 Kxf4
60. h5 Rd7 61. Kf1 g3 62. h6 g2+ 63. Kg1 Kg3 0-1

[Event "Championnat de France 2022"]
[Site "ALBI"]
[Date "2022.08.15"]
[Round "3.1"]
[White "Chomienne, Pierre-Jerome"]
[Black "Loyer, Laurent"]
[Result "1-0"]
[WhiteElo "1268"]
[BlackElo "1199"]
[PlyCount "91"]
[EventDate "2022.??.??"]

1. d4 {2} Nf6 {13} 2. Nf3 {13} d5 {49} 3. c4 {29} c6 {156} 4. Nc3 {37} Bf5 {36}
5. e3 {192} e6 {86} 6. Bd3 {79} Bg6 {226} 7. O-O {189} Nbd7 {140} 8. cxd5 {129}
cxd5 {75} 9. Re1 {138} Bb4 {82} 10. a3 {262} Bxc3 {80} 11. bxc3 {24} Rc8 {50}
12. Bb2 {214} O-O {148} 13. Bxg6 {200} fxg6 {40} 14. Ng5 {299} h6 {192} 15.
Nxe6 {27} Qe7 {17} 16. Nxf8 {38} Rxf8 {14} 17. a4 {99} Ne4 {88} 18. Rf1 {346}
Qh4 {57} 19. Qe2 {140} Rf5 {182} 20. h3 {992} Rg5 {112} 21. Qf3 {249} Rf5 {28}
22. Qg4 {58} Qf6 {47} 23. f4 {203} h5 {41} 24. Qd1 {236} Ng3 {386} 25. Rf3 {364
} h4 {182} 26. Qe1 {359} Nb6 {219} 27. Rxg3 {138} hxg3 {18} 28. Qxg3 {30} Nc4 {
216} 29. Bc1 {160} Nd6 {21} 30. Qf3 {94} Ne4 {54} 31. g4 {55} Qc6 {161} 32.
gxf5 {105} Qxc3 {21} 33. Bb2 {235} Qxb2 {30} 34. Qf1 {154} gxf5 {40} 35. Rc1 {
241} Qd2 {146} 36. Qe1 {108} Qa2 {131} 37. Qh4 {367} Kf8 {2131} 38. Rc8+ {55}
Kf7 {14} 39. Qh5+ {77} g6 {168} 40. Qh7+ {22} Kf6 {220} 41. Rf8+ {27} Ke6 {16}
42. Re8+ {17} Kd6 {109} 43. Qe7+ {100} Kc6 {17} 44. Rc8+ {39} Kb6 {26} 45. Qb4+
{31} Ka6 {26} 46. Qb5# 1-0

[Event "Championnat de France 2022"]
[Site "ALBI"]
[Date "2022.08.15"]
[Round "3.2"]
[White "Makima, Jacques"]
[Black "Mantovani, Matthieu"]
[Result "0-1"]
[WhiteElo "1259"]
[BlackElo "1199"]
[PlyCount "137"]
[EventDate "2022.??.??"]

1. e4 e5 2. Nf3 Nf6 {3495} 3. Bc4 {134} Be7 {53} 4. Nxe5 {87} O-O {45} 5. d3 {
42} d6 {202} 6. Nf3 {88} Be6 {48} 7. Nbd2 {101} Nc6 {178} 8. c3 {65} Na5 {109}
9. Bb5 {29} a6 {140} 10. Ba4 {26} b5 {9} 11. Bc2 {23} Nc6 {63} 12. O-O {33} Ne5
{81} 13. d4 {117} Ng6 {144} 14. Re1 {162} c6 {255} 15. Nf1 {56} Qc7 {371} 16.
Ng3 {222} Rad8 {323} 17. h3 h5 {643} 18. Ng5 h4 {276} 19. Nh5 Nh7 {152} 20.
Nxh7 Kxh7 {169} 21. Nf4 Kg8 {176} 22. Qh5 Nxf4 {249} 23. Bxf4 Qd7 {398} 24. e5
{224} g6 {157} 25. Qd1 {236} d5 {23} 26. Qd2 {53} Bf5 {324} 27. Rac1 {56} Rfe8
{200} 28. Bg5 {39} Bxc2 {287} 29. Rxc2 {47} Qf5 {28} 30. Bf4 {130} a5 {115} 31.
Bh2 {21} b4 {36} 32. Re3 {59} Bg5 {66} 33. Rf3 {143} Bxd2 {56} 34. Rxf5 {29}
gxf5 {65} 35. Rxd2 {26} Kg7 {117} 36. g3 {125} f6 {82} 37. gxh4 {27} fxe5 {46}
38. Bxe5+ {20} Kg6 {133} 39. Rd3 {95} Rg8 {60} 40. Bf4 {67} Rde8 {29} 41. Kf1 {
66} Kh5 {128} 42. Bg3 {116} Re4 {54} 43. f4 {107} Rge8 {36} 44. cxb4 {35} axb4
{30} 45. a3 {42} bxa3 {50} 46. bxa3 {6} Re3 {12} 47. Rxe3 {100} Rxe3 {46} 48.
Kf2 {23} Re4 {88} 49. Kf3 {190} Rxd4 {18} 50. Ke3 {23} Ra4 {15} 51. Be1 {54}
Rxa3+ {34} 52. Kd4 {24} Ra4+ {33} 53. Ke5 {13} c5 {37} 54. Kxf5 {35} Re4 {28}
55. Bc3 {51} Kxh4 {52} 56. Be5 {2} Kxh3 {32} 57. Ke6 {34} d4 {73} 58. Kd5 {27}
Re2 {33} 59. Kc4 {69} Kg4 {76} 60. Bd6 {86} Rc2+ {111} 61. Kd3 {5} Rc3+ {30}
62. Kd2 {43} c4 {64} 63. Be5 {188} Rd3+ {32} 64. Kc2 {19} Kf5 {26} 65. Bc7 {77}
Rh3 {25} 66. Be5 {43} Rh2+ {52} 67. Kd1 {30} d3 {29} 68. Bd6 {11} c3 {24} 69.
Bb4 {143} 0-1

[Event "Championnat de France 2022"]
[Site "ALBI"]
[Date "2022.08.15"]
[Round "3.3"]
[White "Viel, Manon"]
[Black "Salomez, Maxime"]
[Result "0-1"]
[WhiteElo "1228"]
[BlackElo "1199"]
[PlyCount "74"]
[EventDate "2022.??.??"]

1. e4 {3} c5 {14} 2. Nf3 {71} d6 {25} 3. d4 {227} cxd4 {22} 4. Nxd4 {45} Nf6 {
13} 5. Nc3 {119} a6 {14} 6. Be3 {152} e5 {59} 7. Nf3 {62} Be6 {18} 8. Be2 {256}
Be7 {45} 9. Qd2 {221} O-O {107} 10. O-O {101} b5 {80} 11. a3 {281} Nc6 {119}
12. Rad1 {396} Na5 {471} 13. b3 {809} Qc7 {239} 14. Qe1 {933} Nb7 {103} 15. b4
{259} Rac8 {114} 16. Qd2 {133} Qxc3 {70} 17. Qxc3 {20} Rxc3 {24} 18. Rd2 {215}
Nxe4 {28} 19. Rdd1 {53} Bc4 {159} 20. Bd3 {239} Bxd3 {95} 21. cxd3 {22} Nf6 {28
} 22. Bc1 {248} Rfc8 {67} 23. Rfe1 {254} Rc2 {138} 24. h3 {88} Nd5 {59} 25. Bd2
{391} Nd8 {187} 26. g3 {176} Ne6 {54} 27. Kg2 {109} h6 {56} 28. Rb1 {183} Ng5 {
200} 29. Bxg5 {60} Bxg5 {33} 30. Rbd1 {44} Ne3+ {83} 31. Kg1 {27} Nxd1 {28} 32.
Rxd1 {6} Rc1 {67} 33. Rxc1 {15} Bxc1 {31} 34. Kf1 {50} Bxa3 {16} 35. Ke2 {22}
Bxb4 {25} 36. Ke3 {51} a5 {31} 37. Ke2 {64} a4 {13} 0-1

[Event "Championnat de France 2022"]
[Site "ALBI"]
[Date "2022.08.15"]
[Round "3.4"]
[White "Konopka, John"]
[Black "Sandras, Lilian"]
[Result "0-1"]
[WhiteElo "1217"]
[BlackElo "1199"]
[PlyCount "150"]
[EventDate "2022.??.??"]

1. e4 {11} Nf6 {10} 2. e5 {30} Nd5 {7} 3. c4 {34} Nb6 {24} 4. d4 {35} d6 {11}
5. Bd3 {382} dxe5 {93} 6. dxe5 {113} Nc6 {61} 7. Bf4 {861} g6 {26} 8. Nf3 {49}
Bg7 {15} 9. O-O {65} Bg4 {7} 10. Re1 {406} Nd7 {51} 11. Be2 {614} Bxf3 {93} 12.
Bxf3 {75} Ncxe5 {131} 13. Bxe5 {216} Bxe5 {13} 14. Qb3 {130} O-O {139} 15. Nc3
{82} Nc5 {84} 16. Qc2 {125} Bxc3 {80} 17. Qxc3 {99} c6 {33} 18. Qe3 {42} Ne6 {
27} 19. Bg4 {455} Ng7 {524} 20. Rad1 {114} Qb6 {67} 21. Qxb6 {184} axb6 {9} 22.
a3 {383} e6 {32} 23. Rd7 {32} Rab8 {18} 24. Red1 {185} f5 {280} 25. Bf3 {6} h6
{123} 26. Re7 {71} Rf7 {14} 27. Rxf7 {255} Kxf7 {13} 28. Rd7+ {16} Kf6 {8} 29.
b4 {68} e5 {48} 30. c5 {119} b5 {26} 31. Rd6+ {23} Ne6 {82} 32. Bd1 {44} Rd8 {
88} 33. Rxd8 {70} Nxd8 {12} 34. Bb3 {12} Ne6 {15} 35. Kf1 {97} Nd4 {35} 36. Bd1
{5} Ke6 {25} 37. Ke1 Kd5 {109} 38. Kd2 {9} Kc4 {191} 39. h4 {206} h5 {44} 40.
g3 {51} Kd5 {744} 41. Kd3 {452} e4+ {169} 42. Ke3 {131} Ke5 {430} 43. f3 {625}
exf3 {60} 44. Bxf3 {10} Nc2+ {108} 45. Kd3 {61} Nxa3 {11} 46. Bd1 {312} Nc4 {47
} 47. Bb3 {67} f4 {144} 48. gxf4+ {72} Kxf4 {15} 49. Ke2 {99} Kg3 {24} 50. Bc2
{12} Kxh4 {23} 51. Bxg6 {16} Kg4 {176} 52. Be8 {153} Ne5 {69} 53. Kf2 {107} h4
{27} 54. Kg2 {49} h3+ {108} 55. Kh2 {11} Nf3+ {10} 56. Kh1 {2} Nd4 {212} 57.
Bd7+ {32} Kf4 {13} 58. Bxh3 {17} Ke3 {32} 59. Bc8 {9} Kd3 {17} 60. Bxb7 {13}
Kc3 {19} 61. Kg1 {175} Kxb4 {12} 62. Kf1 {21} Ka3 {56} 63. Ke1 {132} b4 {23}
64. Ba6 {18} b3 {84} 65. Bd3 {21} Ka2 {36} 66. Kd2 {13} Kb2 {259} 67. Ke3 {329}
Kc3 {14} 68. Bb1 {215} b2 {49} 69. Ba2 {139} Nc2+ {144} 70. Ke4 {13} Nb4 {19}
71. Bb1 {80} Kd2 {49} 72. Ke5 {53} Kc1 {17} 73. Be4 {39} Nc2 {31} 74. Bxc6 {42}
b1=Q {25} 75. Be4 Qb8+ {46} 0-1

[Event "Championnat de France 2022"]
[Site "ALBI"]
[Date "2022.08.15"]
[Round "3.5"]
[White "Adami, Pierre-Louis"]
[Black "Stathopulos, Alexadre"]
[Result "0-1"]
[WhiteElo "1199"]
[BlackElo "1199"]
[PlyCount "120"]
[EventDate "2022.??.??"]

1. e4 {4} c6 {228} 2. Nf3 {64} d5 {29} 3. Nc3 {26} dxe4 {11} 4. Nxe4 {22} Nf6 {
9} 5. Nxf6+ {73} exf6 {10} 6. d4 {96} Bd6 {43} 7. h3 {56} O-O {13} 8. Bd3 {147}
Re8+ {262} 9. Be3 {7} Nd7 {92} 10. O-O {21} Nf8 {21} 11. Qd2 {110} Qc7 {43} 12.
c4 {129} c5 {521} 13. d5 {220} b6 {478} 14. Nh4 {61} Re5 {636} 15. f4 {165} Re8
{506} 16. Nf5 {170} Bxf5 {72} 17. Bxf5 {282} g6 {49} 18. Bc2 {97} f5 {39} 19.
Qf2 {60} Qd7 {542} 20. Bd2 {139} h5 {143} 21. Bc3 {124} Nh7 {39} 22. a4 {308}
a5 {14} 23. b3 {37} Bf8 {17} 24. Rfe1 {99} Bg7 {17} 25. Bxg7 {42} Kxg7 {8} 26.
Rxe8 {132} Rxe8 {12} 27. Re1 {5} Nf6 {125} 28. Re5 {97} Rxe5 {607} 29. fxe5 {29
} Ne8 {229} 30. Qf4 {166} Nc7 {506} 31. Qg5 {33} Ne8 {33} 32. Bd1 {148} f6 {70}
33. e6 {62} Qxe6 {25} 34. Qg3 {92} Qe5 {51} 35. Qf3 {334} Nd6 {45} 36. Bc2 {138
} f4 {170} 37. Kh2 {188} Qe3 {373} 38. Qxe3 {91} fxe3 39. Kg3 {80} f5 {8} 40.
Bd3 {104} g5 {37} 41. Kf3 {66} f4 {23} 42. Be2 {131} h4 43. Bd3 {286} Kf6 44.
Kg4 {90} Ne4 45. Be2 {301} Ng3 46. Kf3 {179} Ke5 47. Bd3 {304} Nh5 {160} 48.
Be2 {136} Nf6 {30} 49. Bd1 {78} Ne4 {40} 50. Bc2 {111} Nc3 {32} 51. Bd3 {94}
Na2 {53} 52. Bc2 {282} Nc1 {12} 53. Bd1 {72} Kd6 {13} 54. Bc2 {160} e2 {47} 55.
Kf2 {25} Ke5 {60} 56. Ke1 {71} g4 {75} 57. hxg4 {406} f3 {20} 58. gxf3 {24} h3
{2} 59. f4+ {63} Kxf4 {4} 60. d6 {16} h2 {2} 0-1

[Event "Championnat de France 2022"]
[Site "ALBI"]
[Date "2022.08.16"]
[Round "4.1"]
[White "Montovani, Matthieu"]
[Black "Chomienne, Pierre-Jerome"]
[Result "1-0"]
[WhiteElo "1199"]
[BlackElo "1268"]
[PlyCount "137"]
[EventDate "2022.??.??"]

1. e4 {101} c6 {9} 2. c4 {39} d5 {7} 3. cxd5 {37} cxd5 {13} 4. exd5 {46} Nf6 {
42} 5. Nc3 {40} a6 {148} 6. Nf3 {153} Nxd5 {66} 7. Bc4 {72} e6 {76} 8. O-O {191
} Be7 {22} 9. d4 {110} Nc6 {107} 10. a3 {204} O-O {306} 11. Re1 {92} Re8 {91}
12. Bb3 {105} b5 {363} 13. Qd3 {285} Bb7 {225} 14. Bc2 {79} g6 {132} 15. Bh6 {
528} Bf8 {213} 16. Qd2 {368} Bg7 {293} 17. Bxg7 {243} Kxg7 {97} 18. h4 {144}
Nf6 {1039} 19. Rad1 {886} Na5 {332} 20. b3 {327} Bxf3 {496} 21. gxf3 {63} Nh5 {
320} 22. Qg5 {117} Qxg5+ {93} 23. hxg5 {17} Rac8 {25} 24. Re3 {138} Nf4 {357}
25. Kh2 {164} Nd5 {103} 26. Nxd5 {74} exd5 {46} 27. Rxe8 {132} Rxe8 {10} 28.
Bd3 {51} Rc8 {269} 29. a4 {82} Rc3 {225} 30. axb5 {48} axb5 {128} 31. Bxb5 {59}
Rxf3 {76} 32. Kg2 {154} Rf5 {111} 33. Ba4 {136} Rxg5+ {37} 34. Kf3 {19} Rf5+ {
58} 35. Ke3 {10} Rf6 {25} 36. Rc1 {99} Rb6 {140} 37. Rc5 {13} Nxb3 {66} 38.
Rxd5 {25} Rb4 {143} 39. Bxb3 {32} Rxb3+ {30} 40. Ke4 {12} Kf6 {35} 41. Rd6+ {64
} Ke7 {29} 42. Ke5 {22} h5 {61} 43. Ra6 {26} Rb7 {48} 44. Ra1 {33} Kf8 {43} 45.
Kd6 {23} Rb2 {42} 46. f4 {35} Rb6+ {55} 47. Ke5 {32} Kg7 {88} 48. d5 {16} f6+ {
205} 49. Ke4 {23} Rb4+ {45} 50. Ke3 {18} Rb7 {37} 51. Ra6 {20} Kf7 {105} 52.
Ke4 {35} Rd7 {60} 53. Rc6 {16} Ke7 {31} 54. Rc1 {63} Kf7 {76} 55. Rg1 {54} Kg7
{47} 56. Kd4 {18} Kh6 {56} 57. Kc5 {20} g5 {164} 58. fxg5+ {39} fxg5 {11} 59.
Kc6 {59} Rf7 60. d6 {14} h4 {99} 61. d7 {8} Rxd7 {107} 62. Kxd7 {15} h3 {6} 63.
Ke6 {18} Kh5 {10} 64. Kf5 {24} h2 {209} 65. Rh1 {43} Kh4 {13} 66. Rxh2+ {42}
Kg3 {13} 67. Rh8 {24} g4 {42} 68. Rg8 {18} Kh3 {18} 69. Rxg4 {7} 1-0

[Event "Championnat de France 2022"]
[Site "ALBI"]
[Date "2022.08.16"]
[Round "4.2"]
[White "Balteau, Tom"]
[Black "Salomez, Maxime"]
[Result "1-0"]
[WhiteElo "1199"]
[BlackElo "1199"]
[PlyCount "59"]
[EventDate "2022.??.??"]

1. e4 {4} c5 {11} 2. c3 {46} d5 {37} 3. exd5 {37} Qxd5 {36} 4. d4 {14} Nc6 {120
} 5. Nf3 {29} Bg4 {226} 6. Be2 {7} Nf6 {82} 7. h3 {140} Bh5 {77} 8. c4 {102}
Qd8 {72} 9. d5 {156} Bxf3 {89} 10. Bxf3 {34} Nd4 {89} 11. O-O {145} Qd6 {557}
12. Re1 {409} g6 {69} 13. Be3 {166} Nxf3+ {44} 14. Qxf3 {14} Bg7 {122} 15. Nc3
{40} O-O {309} 16. Rad1 {310} Rad8 {545} 17. Nb5 {218} Qb6 {36} 18. b4 {15} Nd7
{78} 19. bxc5 {104} Nxc5 {11} 20. Rb1 {223} a6 {133} 21. Na3 {340} Qc7 {203}
22. Bxc5 {34} Qxc5 {45} 23. Rxb7 {11} Rfe8 {211} 24. Re3 {275} Bd4 {228} 25.
Reb3 {32} Rd6 {50} 26. Qg3 {341} Rf6 {262} 27. Rf3 {14} Qxa3 {135} 28. Rxa3 {41
} Bxf2+ {13} 29. Qxf2 {13} Rxf2 {27} 30. Kxf2 {8} 1-0

[Event "Championnat de France 2022"]
[Site "ALBI"]
[Date "2022.08.16"]
[Round "4.3"]
[White "Sandras, Lilian"]
[Black "Beny, Guillaume"]
[Result "0-1"]
[WhiteElo "1199"]
[BlackElo "1199"]
[PlyCount "38"]
[EventDate "2022.??.??"]

1. e4 {1} e6 2. c4 {28} d5 {10} 3. cxd5 {11} exd5 {6} 4. exd5 {11} Nf6 {44} 5.
Qa4+ {136} Bd7 {215} 6. Qb3 {19} Na6 {380} 7. d4 {225} Bd6 {235} 8. Bd2 {51}
O-O {32} 9. Qxb7 {171} Re8+ {42} 10. Kd1 {10} Ne4 {128} 11. Be3 {475} Nb4 {253}
12. Nc3 {339} Bc8 {613} 13. Qxa8 {35} Bg4+ {20} 14. f3 {81} Qxa8 {144} 15. fxg4
{443} Nxc3+ {373} 16. bxc3 {57} Rxe3 {33} 17. cxb4 {77} Qxd5 {82} 18. Nf3 {94}
Rxf3 {13} 19. Bc4 {103} Qxd4+ {113} 0-1

[Event "Championnat de France 2022"]
[Site "ALBI"]
[Date "2022.08.16"]
[Round "4.3"]
[White "Cusquel, Maxime"]
[Black "Tanghe, Benjamin"]
[Result "1-0"]
[WhiteElo "1199"]
[BlackElo "1199"]
[PlyCount "81"]
[EventDate "2022.??.??"]

1. e4 {9} e5 {6} 2. Nf3 {8} Nc6 {11} 3. Bb5 {14} a6 {19} 4. Ba4 {8} b5 {49} 5.
Bb3 {8} Nf6 {74} 6. O-O {24} Nxe4 {426} 7. d4 {93} Nxd4 {616} 8. Nxd4 {205}
exd4 {8} 9. Re1 {6} Be7 {748} 10. Rxe4 {11} Bb7 {19} 11. Re1 {84} O-O {15} 12.
c3 {57} dxc3 {131} 13. Nxc3 {11} Bg5 {370} 14. Bd5 {119} c6 {212} 15. Bf3 {23}
Be7 {829} 16. Qc2 {176} d5 {50} 17. Bf4 {66} Re8 {174} 18. Rad1 {280} Qd7 {22}
19. a3 {94} Bd6 {403} 20. Bxd6 {94} Qxd6 {9} 21. b4 {55} a5 {8} 22. Rxe8+ {85}
Rxe8 {3} 23. Na2 {131} Bc8 {315} 24. bxa5 {75} Bb7 {505} 25. a6 {121} Bxa6 {9}
26. Nb4 {9} Bb7 {23} 27. g3 {13} g6 {100} 28. Qc3 {73} Rd8 {96} 29. Nd3 {140}
Ra8 {279} 30. Nc5 {83} Bc8 {89} 31. a4 {983} bxa4 {110} 32. Ne4 {11} Qe6 {446}
33. Nf6+ {8} Kf8 {7} 34. Re1 {14} d4 {30} 35. Qb4+ {25} Kg7 {79} 36. Ne8+ {40}
Kg8 {41} 37. Rxe6 {52} Bxe6 {3} 38. Bxc6 {51} a3 {79} 39. Bxa8 {33} a2 {2} 40.
Qxd4 {15} Kf8 {11} 41. Nd6 {36} 1-0